<?xml version="1.0" encoding="UTF-8"?>
<collection xmlns="http://www.loc.gov/MARC21/slim">
  <record>
    <leader>00000nam  2200000   4500</leader>
    <controlfield tag="001">INLIS000000000019789</controlfield>
    <controlfield tag="005">20250422111453</controlfield>
    <datafield tag="035" ind1="#" ind2="#">
      <subfield code="a">0010-0425000132</subfield>
    </datafield>
    <controlfield tag="007">ta</controlfield>
    <controlfield tag="008">250422################|##########|#|##</controlfield>
    <datafield tag="084" ind1="#" ind2="#">
      <subfield code="a">R 0026 PKN II 2024</subfield>
    </datafield>
    <datafield tag="100" ind1=" " ind2="#">
      <subfield code="a">Irfan Saleh</subfield>
    </datafield>
    <datafield tag="245" ind1="1" ind2="#">
      <subfield code="a">Strategi Penyguatan Tata Kekola Data Layanan Dasar Sebagai Basis Perencanaan  Dan Penganggaran Di Kab. Pohuwato /</subfield>
      <subfield code="c">Irfan Saleh</subfield>
    </datafield>
    <datafield tag="250" ind1="#" ind2="#">
      <subfield code="a">1</subfield>
    </datafield>
    <datafield tag="260" ind1="#" ind2="#">
      <subfield code="a">Jakarta :</subfield>
      <subfield code="b">Pusbangkom Pimnas,</subfield>
      <subfield code="c">2024</subfield>
    </datafield>
    <datafield tag="300" ind1="#" ind2="#">
      <subfield code="a">35 :</subfield>
      <subfield code="b">ilus ;</subfield>
      <subfield code="c">29 x 21 x 0,5</subfield>
    </datafield>
    <datafield tag="650" ind1="#" ind2="4">
      <subfield code="a">Data, Layanan, digitalisasi</subfield>
    </datafield>
    <datafield tag="520" ind1="#" ind2="#">
      <subfield code="a">Kabupaten Pohuwato merupakah salah satu daerah di Provinsi Gorontalo&#13;
dimana dalam pengelolaan urusan wajib dasar atau SPM belum maksimal. Hal ini&#13;
dapat dilihat dari beberapa indikator sosial, antaranya kemiskinan masih tinggi&#13;
(17,11%), Usia Harapan Hidup (UHH) 64,95 tahun dan Rata-Rata Lama Sekolah&#13;
(RLS) 7,59 tahun. Sementara dari sisi kinerja pelaporan capaian SPM sesuai evaluasi&#13;
kementerian dalam negeri tahun 2024 melalui aplikasi E-SPM, Kabupaten Pohuwato&#13;
masuk kategori rendah (37,18%). Hal ini disebabkan pada 7 Orgnisasi Perangkat&#13;
Daerah (OPD) pengampu SPM belum memiliki tata kelola data yang baik, sehingga&#13;
proses perencanaan, penggaran, pelaksanaan hingga pelaporan juga belum efektif.&#13;
Atas kondisi tersebut project lieder mengangkat judul Proper yakni Strategi Penguatan&#13;
Tata Kelola Data Layanan Dasar Sebagai Basis Perencanaan Dan Penganggaran Di&#13;
Kabupaten Pohuwato&#13;
Proper ini untuk jangka pendek bertujuan yakni 1) membuat revisi SK Bupati&#13;
tentang Tim Koordinasi pengelola SPM, 2) mengeluarkan Surat Edaran Bupati yang&#13;
menjadi panduan OPD dalam tata kelola data layanan dasar (SPM), 3) menyusun&#13;
rencana aksi SPM dan rencana kerja anggaran (RKA) OPD pengelola SPM.&#13;
Kemudian manfaat proper untuk organisasi Bapppeda adalah 1) Tersedianya data&#13;
layanan dasar yang akurat dan terupdate serta mudah diakses untuk proses penyusunan&#13;
perencanaan dan penganggaran, 2) terlaksananya monitoring dan evaluasi pencapaian&#13;
SPM secara efektif dan efisien, 3) terlaksanaya evaluasi Rencana Kerja OPD&#13;
pengelola SPM secara efektif, 4) Terlaksananya program dan kegiatan terkait layanan&#13;
dasar pada RPJMD tahun 2025 – 2029, 5) tersusunnya dokumen rencana aksi SPM&#13;
sebagai lampiran tidak terpisahkan dari Peraturan Bupati tentang Kelaborasi&#13;
Pemenuhan Layanan Dasar Warga (SI PANDAWA).&#13;
Output Proper adalah 1) tersedianya revisi SK Bupati tentang tim koordinasi&#13;
pengelola SPM, 2) tersedianya Surat Edaran Bupati yang menjadi panduan OPD&#13;
dalam tata kelola data layanan dasar (SPM) dan 3) tersedianya Dokumen rencana aksi&#13;
SPM (layanan dasar) dan RKA OPD tahun 2025. Sedangkan outcomenya adalah&#13;
terlaksananya penyusunan Perda RPJMD tahun 2025 – 2029 yang memprioritaskan&#13;
pencapaian layanan dasar melalui pemenuhan SPM. Stakeholders ekternal terlibat&#13;
dalam proper sejumlah 21 stakeholders . Capaiannya adalah pada triwulan II (April -&#13;
Juni 2024) sebesar 37,18 persen, masuk triwulan III (Juli-September 2024) naik&#13;
menjadi 75,62%. Atas capaian ini Kabupaten Pohuwato sudah masuk 3 besar&#13;
berkinerja tinggi dari 6 Kabupaten/Kota dan Provinsi Gorontalo.</subfield>
    </datafield>
    <datafield tag="856" ind1="#" ind2="#">
      <subfield code="a">Perpustakaan Pusat LAN</subfield>
    </datafield>
    <datafield tag="990" ind1="#" ind2="#">
      <subfield code="a">2024/1.2.2/A/0026</subfield>
    </datafield>
  </record>
</collection>
